000 00524nam a2200181Ia 4500
003 GCL
008 140319s9999 xx 000 0 ara d
020 _a6021309953
040 _aGCL /
_cGCL
082 0 4 _a635.9
_bط ف
100 1 _aطارق مراد
245 1 0 _aفن تنسيق الزهور /
_cطارق مراد
260 _aبيروت :
_bدار الراتب الجامعية
300 _a96 ص ؛
_c28 سم
650 0 4 _aالزهور - تنسيق
650 0 4 _aالحدائق النباتية
942 _2ddc
_cBK
999 _c5099
_d5099